Lord of the Rings: The Rohirrim - Statistics

General Stats
  • This quiz has been taken 24 times
  • The average score is 19 of 41
Answer Stats
Hint Answer % Correct
Son of Eomund, and Theoden's nephew: Eomer
95%
Daughter of Eomund, and Theoden's niece: Eowyn
95%
9th King of Rohan, also known as 'Hammerhand': Helm Hammerhand
95%
17th King of Rohan and last of the second line, he led six thousand Rohirrim to the aid of Gondor at the Battle of the Pelennor Fields: Theoden
95%
The only son of King Theoden: Theodred
91%
Last Lord of the Éothéod and the first King of Rohan: Eorl
86%
He was the doorward of Meduseld and captain of Théoden's guard: Hama
86%
Sometimes referred to as 'the Old', he came from the Westfold and understood the language of Dunland: Gamling
77%
Bought by the corrupted Wizard Saruman, he became his mole in the Edoras court and worked to weaken the Rohirrim: Grima
77%
16th King of Rohan and father of Theoden: Thengel
73%
He came to the aid of Theoden at the end of the battle of the Hornburg: Erkenbrand
68%
4th King of Rohan: Frea
59%
15th King of Rohan, and Theoden's grandfather: Fengel
55%
He managed to save Théodred's body from Saruman's Uruk-hai after he was mortally wounded: Grimbold
55%
2nd King of Rohan and only child of Eorl: Brego
50%
10th King of Rohan, and 1st king of the second line: Frealaf
50%
3rd King of Rohan, and the realm's longest reigning king: Aldor
45%
Known as The Hapless: Baldor
45%
13th King of Rohan, also known as The Hunter: Folca
45%
14th King of Rohan, during his reign Rohan finally recovered from the effects of the wars of the Long Winter: Folcwine
45%
5th King of Rohan: Freawine
41%
His company was the one that Éowyn, under the guise of Dernhelm, and Merry, were in during the Battle of the Pelennor Fields: Elfhelm
36%
He did not believe the three hunters when they spoke of halflings and expressed the view that "Halflings" were nothing more than characters in children's stories: Eothain
36%
12th King of Rohan: Walda
36%
He rode from the Fords of Isen with the news that Erkenbrand had been defeated, he afterwards joined Theoden's army and probably fought at Helms Deep: Ceorl
32%
7th King of Rohan: Deor
32%
The father of Grima Wormtongue: Galmod
32%
6th King of Rohan: Goldwine
32%
8th King of Rohan and father of Helm Hammerhand: Gram
32%
11th King of Rohan: Leofa
27%
Chief of the King's Riders during the War of the Ring. He was slain along with six of his knights at the Battle of the Pelennor Fields: Deorwine
23%
He was slain at the Battle of the Pelennor Fields. He was remembered in the Song of the Mounds of Mundburg: Dunhere
23%
He was slain in the Battle of the Pelennor Fields. His name is remembered in the Song of the Mounds of Mundburg: Fastred
23%
He was killed in Fangorn Forest and his horse Hasufel was given to Aragorn: Garulf
23%
He was the banner-bearer of King Theoden: Guthlaf
18%
He fought and died in the Battle of the Pelennor Fields. His name was remembered in the song of the Mounds of Mundburg: Herefara
18%
He perished in the Battle of the Pelennor Fields, and his name was remembered in the song of the Mounds of Mundburg: Herubrand
18%
He died in the Battle of the Pelennor Fields and was remembered in the Song of the Mounds of Mundburg: Horn
18%
He was killed at the Battle of the Pelennor Fields alongside many others, and commemorated with them in the Song of the Mounds of Mundburg: Harding
14%
After passing through the Drúadan Forest, he reported to his lord a change in the wind coming from the south that he believed was a sign of victory: Widfara
14%
He made a song about the King's fall, and also named the previous Kings of Rohan. It was said that he made no songs afterwards: Gleowine
9%
No matching quizzes found
Score Distribution
Percent of People with Each Score
Percentile by Number Answered
Your Score History
You have not taken this quiz